| 000 | 01314nam a2200325 a 4500 | ||
|---|---|---|---|
| 003 | BLK | ||
| 005 | 20240916163308.0 | ||
| 008 | 210301b bu |||||r|||| 00| | bu d | ||
| 020 | _a9786190211280 | ||
| 040 | _aBLK | ||
| 041 |
_aBUL _cBUL |
||
| 080 |
_aЧешка литература _b821.162.3 _x-312.6 _z821.162.3-312.6 |
||
| 100 | 1 |
_9137704 _aХрабал, Бохумил _eпърви автор |
|
| 139 |
_aХрабал, Бохумил _bХ 73 |
||
| 245 |
_aVita nuova : картинки _cБохумил Храбал ; прев. от чеш. Васил Самоковлиев |
||
| 260 |
_9209486 _aСофия _bКолибри _c2022 _n978-619-02- ; 978-619-150- ; 978-954-150- ; 978-954-529- |
||
| 300 |
_a319 с. _c20 см |
||
| 380 | _aX | ||
| 500 | _aОриг. загл.: Vita nuova / Bohumil Hrabal Биогр. данни за авт. отбелязани на гърба на кор. Кн. 2 от трилогията на Храбал. | ||
| 700 |
_aСамоковлиев, Васил Димитров _9321731 |
||
| 852 |
_aЦб 317364 _bЦб |
||
| 852 |
_bП _c821-31/Х 73 Б |
||
| 856 |
_i0.00 _ldisable |
||
| 942 |
_cKNG _n0 _s1 _04 |
||
| 944 |
_aCR _c2023-04-28 _k30552 _lВиолета Тройчева |
||
| 999 |
_c490664 _d490664 |
||
| 999 | _d490664 | ||
| 999 | _d490664 | ||
| 999 | _d490664 | ||
| 999 | _d490664 | ||